Made in Ancient Egypt : The Stories behind the artifacts /
محفوظ في:
المؤلف الرئيسي:
مؤلفون آخرون:
التنسيق: كتاب
اللغة: English
منشور في:
Cairo :
American University in Cairo,
2025.
الموضوعات:
الوسوم: إضافة وسم
لا توجد وسوم, كن أول من يضع وسما على هذه التسجيلة!
رقم الطلب: N5350 .S77
| LEADER | 00724nam a22002057a 4500 | ||
|---|---|---|---|
| 003 | OSt | ||
| 005 | 20260429111900.0 | ||
| 008 | 260324t9999||||ua ao |||||||||| ||eng|| | ||
| 020 | |a 978-1649035318 | ||
| 050 | 1 | 4 | |a N5350 |b .S77 |
| 100 | 0 | |a Helen Strudwick, |d author. | |
| 245 | 1 | 0 | |a Made in Ancient Egypt : |b The Stories behind the artifacts / |c Helen Strudwick. |
| 264 | 1 | |a Cairo : |b American University in Cairo, |c 2025. | |
| 300 | |a 184 pages : |b illustrations, Photofraphs ; |c 27 cm. | ||
| 650 | 4 | |a Art, Egyptian |2 Exhibitions. | |
| 650 | 4 | |a Art égyptien |2 (CaQQLa)201-0002769 |v Expositions. |x (CaQQLa)201-0378191 | |
| 650 | 4 | |a The Stories behind the Artifacts | |
| 700 | 0 | |a Clarke, Thomas, |d Author. | |
| 942 | |2 lcc |c BK | ||
| 999 | |c 61926 |d 61926 | ||
